000 00718nas a2200229 4500
001 BR7908776
003 BR-BrBNA
005 20231205084047.0
007 ta
008 230509b bl.|||p| |||| 00| 00por d
040 _aBR-BrBNA
_bpor
_cBiblioteca Nacional de Agricultura
041 _a(Pt)
072 _aQ10; S10
100 1 _aSalazar, I.J.
245 1 _aAspectos gerais sobre a producao de leite em po instantaneo
650 _aLEITE EM PO
650 _aANALISE DE ALIMENTO
650 _aFABRICACAO
773 0 _tRevista do Instituto de Laticinios Candido Tostes (Brazil)
_xISSN 0100-3674
_g(Jul-Aug 1979), v. 34(204) p. 15-25
_wBR7908776
909 _a202311
_bLúcia
_c55
_dLúcia Elande
942 _2AGRIS
_n0
_cANA
999 _c102876
_d102876